Управление человеческими ресурсами в индустрии гостеприимства и туризма: учебное пособие для вузов

Bibliografiset tiedot
Päätekijä: Попов Л. А. Леонид Алексеевич
Yhteisötekijä: Российская экономическая академия им. Г. В. Плеханова (РЭА)
Muut tekijät: Баклыкова Е. А. Елена Алексеевна
Yhteenveto:В пособии рассматриваются проблемы и перспективы развития человеческих ресурсов гостиничного комплекса Москвы определена роль служб управления человеческими ресурсами, сформированы основные этапы системы мотивации для предприятий индустрии гостеприимства, а также разработана методика отбора работников на основе логит- и пробит-моделей. Для студентов специальности 080502 «Экономика и управление на предприятии. Гостиничное, ресторанное и туристическое хозяйство», аспирантов, работников индустрии гостеприимства.
Kieli:venäjä
Julkaistu: Москва, Изд-во РЭА, 2010
Aiheet:
Aineistotyyppi: MixedMaterials Kirja
KOHA link:https://koha.lib.tpu.ru/cgi-bin/koha/opac-detail.pl?biblionumber=162505

MARC

LEADER 00000nam0a2200000 4500
001 162505
005 20231101222327.0
010 |a 9785730706903 
035 |a (RuTPU)RU\TPU\book\176250 
090 |a 162505 
100 |a 20090623d2010 m y0rusy50 ca 
101 0 |a rus 
102 |a RU 
105 |a a j 001zy 
200 1 |a Управление человеческими ресурсами в индустрии гостеприимства и туризма  |e учебное пособие для вузов  |f Л. А. Попов, Е. А. Баклыкова  |g Российская экономическая академия им. Г. В. Плеханова (РЭА) 
210 |a Москва  |c Изд-во РЭА  |d 2010 
215 |a 151 с.  |c ил. 
320 |a Библиогр.: с. 149-150. 
330 |a В пособии рассматриваются проблемы и перспективы развития человеческих ресурсов гостиничного комплекса Москвы определена роль служб управления человеческими ресурсами, сформированы основные этапы системы мотивации для предприятий индустрии гостеприимства, а также разработана методика отбора работников на основе логит- и пробит-моделей. Для студентов специальности 080502 «Экономика и управление на предприятии. Гостиничное, ресторанное и туристическое хозяйство», аспирантов, работников индустрии гостеприимства. 
606 1 |a Гостеприимство  |2 stltpush  |3 (RuTPU)RU\TPU\subj\67668  |9 83389 
610 1 |a гостиничное хозяйство 
610 1 |a туризм 
610 1 |a человеческие ресурсы 
610 1 |a управление 
610 1 |a кадры 
610 1 |a персонал 
610 1 |a теория 
610 1 |a планирование 
610 1 |a кадровый резерв 
610 1 |a обучение 
610 1 |a мотивация 
610 1 |a учебные пособия 
686 |a У9(2)43я73  |v LBC/SL-A  |2 rubbk 
700 1 |a Попов  |b Л. А.  |g Леонид Алексеевич 
701 1 |a Баклыкова  |b Е. А.  |g Елена Алексеевна 
712 0 2 |a Российская экономическая академия им. Г. В. Плеханова (РЭА)  |c (Москва)  |c (1991- )  |2 stltpush  |3 (RuTPU)RU\TPU\col\18 
801 1 |a RU  |b 63413507  |c 20090623  |g PSBO 
801 2 |a RU  |b 63413507  |c 20150602  |g RCR 
900 |a Управление человеческими ресурсами 
942 |c BK 
959 |a 74/20090619  |d 2  |e 400,00  |f АНЛ:1  |f ЧЗГЛ:1 
959 |a 63/20100915  |d 2  |e 143,00  |f АНЛ:1  |f ЧЗГЛ:1